[Event "4. Open Memorial Pedro Lezcano 2011"]
[Site "Gran Canaria ESP"]
[Date "2011.04.19"]
[Round "2.3"]
[White "Kurajica, Bojan"]
[Black "Lopez Colon, Francisco"]
[Result "1-0"]
[WhiteElo "2531"]
[BlackElo "2099"]
[PlyCount "57"]
[EventDate "2011.04.18"]
[EventType "swiss"]
[EventRounds "9"]
[EventCountry "ESP"]
[Source "lmi"]
[SourceDate "2011.04.18"]

1. Nf3 c5 2. e4 Nc6 3. Bb5 a6 4. Bxc6 bxc6 5. e5 d5 6. exd6 exd6 7. d4 cxd4 8.
Nxd4 c5 9. Ne2 Bb7 10. O-O Be7 11. c4 Nf6 12. Nbc3 O-O 13. Nf4 Re8 14. Qc2 Bf8
15. Rd1 Qe7 16. Be3 Qe5 17. h3 Rab8 18. b3 g5 19. Nfe2 Bg7 20. Ng3 Rbd8 21. Re1
Nd7 22. Bd2 Qf6 23. Nh5 Qh6 24. Nxg7 Qxg7 25. Qf5 f6 26. Nd5 Re5 27. Rxe5 dxe5
28. Ba5 Re8 29. Qxd7 1-0

[Event "4. Open Memorial Pedro Lezcano 2011"]
[Site "Gran Canaria ESP"]
[Date "2011.04.19"]
[Round "2.4"]
[White "Martin Hernandez, Ruben"]
[Black "Vera Gonzalez-Quevedo, Reynaldo"]
[Result "1/2-1/2"]
[WhiteElo "2095"]
[BlackElo "2518"]
[PlyCount "103"]
[EventDate "2011.04.18"]
[EventType "swiss"]
[EventRounds "9"]
[EventCountry "ESP"]
[Source "lmi"]
[SourceDate "2011.04.18"]

1. d4 Nf6 2. c4 e6 3. Nf3 c5 4. d5 d6 5. Nc3 exd5 6. cxd5 g6 7. Bf4 a6 8. a4
Bg7 9. h3 O-O 10. e3 Ne8 11. Be2 Nd7 12. O-O Rb8 13. Re1 h6 14. Bf1 g5 15. Bh2
f5 16. Nd2 Ne5 17. f4 gxf4 18. exf4 Ng6 19. Qh5 Bd4+ 20. Kh1 Kh7 21. Bd3 Bd7
22. Re2 b5 23. axb5 Ng7 24. Qf3 axb5 25. Rae1 c4 26. Bb1 Qc7 27. Bg1 Bf6 28. g4
b4 29. Nce4 Bxb2 30. Nxd6 Qxd6 31. Nxc4 Qxf4 32. Qxf4 Nxf4 33. Rxb2 Nxd5 34.
Bd4 Rbe8 35. Rxe8 Rxe8 36. Nd6 Re1+ 37. Kh2 Nc3 38. Rxb4 Rxb1 39. Bxc3 Rxb4 40.
Bxb4 fxg4 41. hxg4 Bxg4 42. Kg3 Bd7 43. Ba5 Kg6 44. Nc4 Be6 45. Ne5+ Kf5 46.
Nf3 Ke4 47. Nh4 Nh5+ 48. Kf2 Nf4 49. Bd2 Nd3+ 50. Kg3 h5 51. Bg5 Bg4 52. Bd8
1/2-1/2

[Event "4. Open Memorial Pedro Lezcano 2011"]
[Site "Gran Canaria ESP"]
[Date "2011.04.19"]
[Round "2.5"]
[White "Barlov, Dragan"]
[Black "Rossello Padron, Carlos"]
[Result "1-0"]
[WhiteElo "2472"]
[BlackElo "2085"]
[PlyCount "57"]
[EventDate "2011.04.18"]
[EventType "swiss"]
[EventRounds "9"]
[EventCountry "ESP"]
[Source "lmi"]
[SourceDate "2011.04.18"]

1. c4 Nf6 2. Nf3 g6 3. g3 Bg7 4. Bg2 O-O 5. O-O e6 6. d4 Nc6 7. Qc2 d5 8. Rd1
Ne4 9. Nc3 Nxc3 10. Qxc3 h6 11. b4 dxc4 12. b5 Ne7 13. a4 e5 14. Bb2 Nd5 15.
Qxc4 Be6 16. Qc1 e4 17. Ne5 Nf6 18. Qc5 Bd5 19. Rdc1 Ne8 20. Ba3 b6 21. Qc2 Nd6
22. Qxc7 Qxc7 23. Rxc7 Rfd8 24. Bxd6 Rxd6 25. Rac1 f5 26. e3 g5 27. Nc6 Bxc6
28. R1xc6 Bf8 29. Bf1 1-0

[Event "4. Open Memorial Pedro Lezcano 2011"]
[Site "Gran Canaria ESP"]
[Date "2011.04.19"]
[Round "2.6"]
[White "Acosta Sosa, Juan Manuel"]
[Black "Garcia Padron, Jose"]
[Result "0-1"]
[WhiteElo "2066"]
[BlackElo "2434"]
[PlyCount "62"]
[EventDate "2011.04.18"]
[EventType "swiss"]
[EventRounds "9"]
[EventCountry "ESP"]
[Source "lmi"]
[SourceDate "2011.04.18"]

1. d4 d5 2. c4 e6 3. Nc3 Nf6 4. cxd5 exd5 5. Bg5 Nbd7 6. e3 c6 7. Bd3 Bd6 8.
Nf3 Nf8 9. O-O Bg4 10. Rb1 Ne6 11. Bh4 O-O 12. b4 a6 13. Qc2 Bxf3 14. gxf3 g6
15. Na4 Kg7 16. Nc5 Qc7 17. Bg3 Rab8 18. a4 Nh5 19. b5 axb5 20. axb5 Nxg3 21.
fxg3 Bxc5 22. dxc5 Qe5 23. Rfe1 Ra8 24. f4 Qf6 25. bxc6 bxc6 26. Rb6 Ra1 27.
Rxa1 Qxa1+ 28. Bf1 Ra8 29. Rxc6 Ra2 30. Qb3 Rd2 31. Rc8 Qe1 0-1

[Event "4. Open Memorial Pedro Lezcano 2011"]
[Site "Gran Canaria ESP"]
[Date "2011.04.19"]
[Round "2.7"]
[White "Cabrera Trujillo, Jorge"]
[Black "Rodriguez Ferraz, Borja"]
[Result "1-0"]
[WhiteElo "2392"]
[BlackElo "2079"]
[PlyCount "49"]
[EventDate "2011.04.18"]
[EventType "swiss"]
[EventRounds "9"]
[EventCountry "ESP"]
[Source "lmi"]
[SourceDate "2011.04.18"]

1. e4 e5 2. Nf3 Nc6 3. Bb5 a6 4. Bxc6 dxc6 5. O-O Bg4 6. h3 h5 7. d3 Qf6 8.
Nbd2 Bd6 9. Re1 Ne7 10. d4 Bxf3 11. Nxf3 Ng6 12. c3 Qe7 13. Qc2 O-O-O 14. Be3
Nh4 15. Nxe5 Bxe5 16. dxe5 g5 17. Qe2 g4 18. hxg4 Rdg8 19. g5 Qxe5 20. g3 Rxg5
21. Bxg5 Qxg5 22. Rad1 Kb8 23. Rd7 Qf6 24. gxh4 Qxh4 25. Qf3 1-0

[Event "4. Open Memorial Pedro Lezcano 2011"]
[Site "Gran Canaria ESP"]
[Date "2011.04.19"]
[Round "2.9"]
[White "Hernando Rodrigo, Jose Maria"]
[Black "Gonzalez Intelangelo, Gerardo"]
[Result "1-0"]
[WhiteElo "2313"]
[BlackElo "2061"]
[PlyCount "59"]
[EventDate "2011.04.18"]
[EventType "swiss"]
[EventRounds "9"]
[EventCountry "ESP"]
[Source "lmi"]
[SourceDate "2011.04.18"]

1. d4 e6 2. e4 d5 3. Bd3 dxe4 4. Bxe4 Nf6 5. Bf3 c6 6. Ne2 Bd6 7. O-O O-O 8. c4
Nbd7 9. Nbc3 Re8 10. Ng3 e5 11. d5 cxd5 12. cxd5 Nf8 13. Qc2 Bd7 14. Nf5 Bc7
15. Rd1 Qc8 16. Ng3 h6 17. Be3 Bd6 18. Rac1 Ng6 19. Qb3 Qb8 20. Be2 Ng4 21. Bb5
Nxe3 22. fxe3 Qd8 23. Nge4 Bf8 24. Bxd7 Qxd7 25. d6 Nh4 26. Nd5 Qf5 27. Ng3 Qg5
28. Nc7 h5 29. d7 Red8 30. Nxa8 1-0

[Event "4. Open Memorial Pedro Lezcano 2011"]
[Site "Gran Canaria ESP"]
[Date "2011.04.19"]
[Round "2.10"]
[White "Sanchez Quintero, Raul"]
[Black "Perez Felipe, Marcos Adrian"]
[Result "0-1"]
[WhiteElo "2054"]
[BlackElo "2310"]
[PlyCount "60"]
[EventDate "2011.04.18"]
[EventType "swiss"]
[EventRounds "9"]
[EventCountry "ESP"]
[Source "lmi"]
[SourceDate "2011.04.18"]

1. e4 c5 2. Nf3 d6 3. Bb5+ Bd7 4. a4 Nc6 5. O-O Nf6 6. Re1 a6 7. Bf1 Bg4 8. h3
Bh5 9. d3 e6 10. c3 Be7 11. d4 cxd4 12. cxd4 Bxf3 13. gxf3 d5 14. e5 Nh5 15. f4
g6 16. f5 Bg5 17. fxe6 O-O 18. Qg4 Bxc1 19. exf7+ Rxf7 20. Rxc1 Nxd4 21. Ra3
Rf4 22. Qg2 Rf5 23. Rd1 Nf4 24. Qh2 Qg5+ 25. Kh1 Nfe6 26. Rg3 Qh5 27. Nc3 Raf8
28. Rd2 Nf3 29. Be2 Nxh2 30. Bxh5 Nf1 0-1

[Event "4. Open Memorial Pedro Lezcano 2011"]
[Site "Gran Canaria ESP"]
[Date "2011.04.19"]
[Round "2.11"]
[White "Menvielle Laccourreye, Augusto"]
[Black "Navarro Molina, David"]
[Result "1/2-1/2"]
[WhiteElo "2265"]
[BlackElo "2055"]
[PlyCount "147"]
[EventDate "2011.04.18"]
[EventType "swiss"]
[EventRounds "9"]
[EventCountry "ESP"]
[Source "lmi"]
[SourceDate "2011.04.18"]

1. e4 c5 2. Nf3 e6 3. d4 cxd4 4. Nxd4 Nc6 5. Nc3 Qc7 6. Be3 a6 7. Qd2 b5 8. a4
b4 9. Na2 Rb8 10. Be2 Nf6 11. f3 Bd6 12. Nxc6 dxc6 13. Rd1 Be7 14. Bd3 O-O 15.
O-O c5 16. Bc4 Rd8 17. Qe2 Bd6 18. Kh1 Bd7 19. b3 a5 20. Bg1 Bc6 21. Nc1 Nh5
22. Qe3 Nf4 23. Rd2 Rd7 24. Rfd1 Rbd8 25. Bf2 Ng6 26. Nd3 Bxh2 27. Qxc5 Bf4 28.
Be3 Bxe3 29. Qxe3 Bxa4 30. Bxe6 fxe6 31. bxa4 Qc6 32. Nb2 Rxd2 33. Rxd2 Rxd2
34. Qxd2 Kf7 35. Kg1 Ke8 36. Qd3 Nf4 37. Qc4 Qd7 38. Nd3 Nxd3 39. cxd3 Kd8 40.
Qb3 Kc7 41. Kf1 e5 42. Ke2 h6 43. Qc2+ Kb6 44. Qb2 Qxa4 45. Qxe5 Qc2+ 46. Ke3
Qc5+ 47. Qxc5+ Kxc5 48. d4+ Kc4 49. d5 b3 50. Kd2 Kc5 51. Kc3 a4 52. f4 h5 53.
f5 h4 54. Kd3 Kb4 55. d6 b2 56. Kc2 Ka3 57. d7 Ka2 58. d8=Q b1=Q+ 59. Kc3 Qb2+
60. Kd3 Qb1+ 61. Kc3 Qe1+ 62. Qd2+ Qxd2+ 63. Kxd2 Kb2 64. e5 a3 65. e6 a2 66.
e7 a1=Q 67. e8=Q Qa5+ 68. Ke2 Qxf5 69. Qb8+ Kc3 70. Qc7+ Kd4 71. Qxg7+ Kd5 72.
Qg8+ Qe6+ 73. Qxe6+ Kxe6 74. Kf3 1/2-1/2

[Event "4. Open Memorial Pedro Lezcano 2011"]
[Site "Gran Canaria ESP"]
[Date "2011.04.19"]
[Round "2.12"]
[White "Nortes Hernandez, Pedro"]
[Black "Vega Gutierrez, Belinda"]
[Result "1/2-1/2"]
[WhiteElo "2034"]
[BlackElo "2255"]
[PlyCount "38"]
[EventDate "2011.04.18"]
[EventType "swiss"]
[EventRounds "9"]
[EventCountry "ESP"]
[Source "lmi"]
[SourceDate "2011.04.18"]

1. e4 e5 2. Nf3 Nc6 3. Bb5 a6 4. Bxc6 dxc6 5. O-O f6 6. d4 exd4 7. Nxd4 c5 8.
Nb3 Qxd1 9. Rxd1 Bd7 10. Bf4 O-O-O 11. Nc3 g5 12. Bg3 h5 13. Nd5 Bd6 14. Bxd6
cxd6 15. Nb6+ Kc7 16. Nd5+ Kb8 17. Nb6 Kc7 18. Nd5+ Kb8 19. Nb6 Kc7 1/2-1/2

[Event "4. Open Memorial Pedro Lezcano 2011"]
[Site "Gran Canaria ESP"]
[Date "2011.04.19"]
[Round "2.13"]
[White "Garcia Blanco, Omar"]
[Black "Lopez De Turiso, Jose Angel"]
[Result "1/2-1/2"]
[WhiteElo "2209"]
[BlackElo "2053"]
[PlyCount "120"]
[EventDate "2011.04.18"]
[EventType "swiss"]
[EventRounds "9"]
[EventCountry "ESP"]
[Source "lmi"]
[SourceDate "2011.04.18"]

1. e4 e5 2. Nf3 Nc6 3. Bc4 Nf6 4. d3 Bc5 5. c3 d6 6. Bb3 O-O 7. O-O a6 8. h3
Ba7 9. Nbd2 Ne7 10. Re1 Ng6 11. Nf1 h6 12. Ng3 Kh7 13. d4 exd4 14. cxd4 d5 15.
e5 Ng8 16. Bc2 Be6 17. h4 Kh8 18. Qd3 Re8 19. h5 Nf8 20. b4 b5 21. a4 c6 22.
axb5 axb5 23. Nf5 Bxf5 24. Qxf5 Qd7 25. e6 fxe6 26. Qd3 Nf6 27. Ne5 Qb7 28. g4
Bb6 29. Bf4 Rxa1 30. Rxa1 Ra8 31. Rd1 Bc7 32. Qg3 Bxe5 33. dxe5 N6h7 34. Qd3
Ra2 35. Be3 Qe7 36. Qb3 Ra8 37. Qc3 Qh4 38. Rd4 Ng5 39. Bxg5 Qxg5 40. Qxc6 Ra1+
41. Kg2 Qxe5 42. Qc5 Kg8 43. Qc3 Rc1 44. Rc4 Qxc3 45. Rxc3 Ra1 46. Rc5 Ra2 47.
Bd3 Ra3 48. Bf1 Kf7 49. Rxb5 Kf6 50. Rb7 e5 51. b5 Ne6 52. Rd7 Rb3 53. Kg1 Nf4
54. f3 Rb1 55. Kf2 Rb2+ 56. Ke1 d4 57. Rc7 Rb1+ 58. Kf2 Rb2+ 59. Ke1 Rb1+ 60.
Kf2 Rb2+ 1/2-1/2

[Event "4. Open Memorial Pedro Lezcano 2011"]
[Site "Gran Canaria ESP"]
[Date "2011.04.19"]
[Round "2.14"]
[White "Galvan Sarmiento, Jose Luis"]
[Black "Gutierrez Olivares, Daniel"]
[Result "0-1"]
[WhiteElo "1997"]
[BlackElo "2205"]
[PlyCount "70"]
[EventDate "2011.04.18"]
[EventType "swiss"]
[EventRounds "9"]
[EventCountry "ESP"]
[Source "lmi"]
[SourceDate "2011.04.18"]

1. c4 e5 2. g3 Nf6 3. Bg2 c6 4. d4 e4 5. Nc3 d5 6. Bg5 Be7 7. Bxf6 Bxf6 8. e3
Be6 9. Nge2 Qd7 10. Nf4 Bg4 11. Qb3 g5 12. h3 gxf4 13. hxg4 fxe3 14. fxe3 Qxg4
15. Ne2 b6 16. cxd5 O-O 17. dxc6 Nxc6 18. Qd5 Rac8 19. Bh3 Qf3 20. Rf1 Qxe3 21.
Rxf6 Nb4 22. Qh5 Rc2 23. Kf1 Nd3 24. Be6 Kh8 25. Bb3 Rc6 26. Rxf7 Rf6+ 27. Kg2
R8xf7 28. Bxf7 Rh6 29. Rf1 Rxh5 30. Bxh5 Kg7 31. d5 Qg5 32. Bf7 Qe5 33. Be6 e3
34. b3 Nf2 35. Kf3 Qe4# 0-1

[Event "4. Open Memorial Pedro Lezcano 2011"]
[Site "Gran Canaria ESP"]
[Date "2011.04.19"]
[Round "2.15"]
[White "Gonzalez Garcia, Guillermo W"]
[Black "Rodriguez Perez, David"]
[Result "1/2-1/2"]
[WhiteElo "2203"]
[BlackElo "2029"]
[PlyCount "78"]
[EventDate "2011.04.18"]
[EventType "swiss"]
[EventRounds "9"]
[EventCountry "ESP"]
[Source "lmi"]
[SourceDate "2011.04.18"]

1. Nf3 c5 2. e4 d6 3. Bc4 Nf6 4. d3 g6 5. Nc3 Bg7 6. h3 Nc6 7. Bg5 a6 8. a4 Bd7
9. O-O h6 10. Be3 O-O 11. d4 cxd4 12. Nxd4 Rc8 13. Bd3 Ne5 14. Nd5 Nxd5 15.
exd5 Qa5 16. Be4 f5 17. Bf3 f4 18. Bc1 Nxf3+ 19. Nxf3 Rf5 20. Nh4 Rxd5 21. Qf3
g5 22. b4 Qxb4 23. Qxd5+ e6 24. Qa2 Bxa1 25. Qxa1 gxh4 26. Qf6 Qe4 27. Bb2 Qh7
28. Qxf4 Rxc2 29. Qxh4 Bc6 30. Qd8+ Kf7 31. Qf6+ Kg8 32. Qxe6+ Qf7 33. Qc8+ Kh7
34. Qh8+ Kg6 35. Bc1 Qg7 36. Qc8 Kh7 37. g4 Qf7 38. Be3 Qf3 39. Qc7+ Kg8
1/2-1/2

[Event "4. Open Memorial Pedro Lezcano 2011"]
[Site "Gran Canaria ESP"]
[Date "2011.04.19"]
[Round "2.16"]
[White "Cruz Gomez, Isidro"]
[Black "Natalicchio Escalante, Nicolas"]
[Result "1/2-1/2"]
[WhiteElo "1973"]
[BlackElo "2201"]
[PlyCount "138"]
[EventDate "2011.04.18"]
[EventType "swiss"]
[EventRounds "9"]
[EventCountry "ESP"]
[Source "lmi"]
[SourceDate "2011.04.18"]

1. d4 Nf6 2. c4 c5 3. d5 e5 4. Nc3 d6 5. e4 Be7 6. g3 h5 7. h4 a6 8. Bg5 Nbd7
9. Qc2 Rb8 10. a4 b6 11. Bg2 Ng4 12. Nf3 g6 13. Bxe7 Qxe7 14. Ng5 Nf8 15. Qe2
f6 16. Nh3 f5 17. f3 Nh6 18. Ng5 Nh7 19. Ne6 Bxe6 20. dxe6 Qxe6 21. Nd5 O-O 22.
Bh3 Qf7 23. Ra3 Nf6 24. Nxf6+ Qxf6 25. Qd2 f4 26. Rd3 Nf7 27. Qf2 b5 28. axb5
axb5 29. cxb5 Rxb5 30. g4 Rfb8 31. g5 Qe7 32. Rd2 Nd8 33. Bf1 Rb4 34. b3 Nc6
35. Bc4+ Kg7 36. O-O Nd4 37. Rfd1 Ra8 38. Kg2 Ra3 39. Ra2 Ra7 40. Rda1 Rbb7 41.
Bd5 Rc7 42. Ra6 Rxa6 43. Rxa6 Ra7 44. Qa2 Rxa6 45. Qxa6 Nc2 46. Bc4 Ne3+ 47.
Kf2 Nxc4 48. bxc4 Qc7 49. Kg2 Qb8 50. Qb5 Qa7 51. Kh3 Kf7 52. Qc6 Ke7 53. Qd5
Qb8 54. Qc6 Qe8 55. Qd5 Qd7+ 56. Kg2 Qc8 57. Kh2 Qb8 58. Qc6 Qa7 59. Qc8 Qa2+
60. Kh3 Qxc4 61. Qc7+ Ke8 62. Qc8+ Kf7 63. Qd7+ Kg8 64. Qd8+ Kg7 65. Qf6+ Kh7
66. Qe7+ Kh8 67. Qf6+ Kh7 68. Qe7+ Kh8 69. Qf6+ Kh7 1/2-1/2

[Event "4. Open Memorial Pedro Lezcano 2011"]
[Site "Gran Canaria ESP"]
[Date "2011.04.19"]
[Round "2.17"]
[White "Alvarado Ascanio, Francisco"]
[Black "Garcia Rodriguez, Sara"]
[Result "1-0"]
[WhiteElo "2195"]
[BlackElo "1975"]
[PlyCount "65"]
[EventDate "2011.04.18"]
[EventType "swiss"]
[EventRounds "9"]
[EventCountry "ESP"]
[Source "lmi"]
[SourceDate "2011.04.18"]

1. d4 Nf6 2. c4 g6 3. Nc3 Bg7 4. e4 d6 5. Be2 O-O 6. Nf3 e5 7. O-O Nc6 8. d5
Ne7 9. b4 Nd7 10. Re1 f5 11. Ng5 Nf6 12. Bf3 f4 13. c5 a6 14. Qb3 Kh8 15. Bb2
Bh6 16. Ne6 Bxe6 17. dxe6 Nc6 18. Nd5 Nxd5 19. exd5 Ne7 20. Rad1 Bg7 21. a4 Nf5
22. Be4 Qg5 23. Qh3 Qe7 24. a5 Rab8 25. Rc1 Qe8 26. Bxf5 Rxf5 27. cxd6 cxd6 28.
Rc7 f3 29. Rec1 fxg2 30. Qh4 Rf4 31. Qxf4 exf4 32. Rxg7 h5 33. Rcc7 1-0

[Event "4. Open Memorial Pedro Lezcano 2011"]
[Site "Gran Canaria ESP"]
[Date "2011.04.19"]
[Round "2.18"]
[White "Ramirez Medina, Oscar"]
[Black "Fernandez Manrique, Agustin"]
[Result "1-0"]
[WhiteElo "1931"]
[BlackElo "2158"]
[PlyCount "79"]
[EventDate "2011.04.18"]
[EventType "swiss"]
[EventRounds "9"]
[EventCountry "ESP"]
[Source "lmi"]
[SourceDate "2011.04.18"]

1. Nf3 Nf6 2. g3 g6 3. Bg2 Bg7 4. O-O O-O 5. d3 c5 6. e4 d6 7. Nbd2 Nc6 8. Re1
Rb8 9. h3 e5 10. c3 d5 11. Qc2 b6 12. exd5 Nxd5 13. Nc4 Re8 14. Bd2 f6 15. Rad1
Be6 16. Bc1 Rc8 17. Qb1 Qd7 18. Kh2 Red8 19. Ne3 Nxe3 20. Bxe3 Qf7 21. b3 Ne7
22. d4 Nd5 23. dxe5 Nxe3 24. Rxd8+ Rxd8 25. fxe3 fxe5 26. Ng5 Qe7 27. Nxe6 Qxe6
28. c4 Rd2 29. Kg1 e4 30. Rd1 Bh6 31. Rxd2 Bxe3+ 32. Rf2 Qf6 33. Qe1 Qd4 34.
Kf1 Bxf2 35. Qxf2 Qa1+ 36. Qe1 Qxa2 37. Bxe4 Qxb3 38. Bd5+ Kg7 39. Qe7+ Kh6 40.
Qf8+ 1-0

[Event "4. Open Memorial Pedro Lezcano 2011"]
[Site "Gran Canaria ESP"]
[Date "2011.04.19"]
[Round "2.20"]
[White "Marrero Lopez, Agustin"]
[Black "Perez Rosales, Pedro"]
[Result "0-1"]
[WhiteElo "1879"]
[BlackElo "2148"]
[PlyCount "84"]
[EventDate "2011.04.18"]
[EventType "swiss"]
[EventRounds "9"]
[EventCountry "ESP"]
[Source "lmi"]
[SourceDate "2011.04.18"]

1. d4 Nf6 2. Nf3 d6 3. c4 Nbd7 4. g3 e5 5. Bg2 Be7 6. Nc3 O-O 7. O-O c6 8. e4
Qc7 9. b3 Re8 10. Bb2 Bf8 11. b4 a5 12. b5 g6 13. a4 Bg7 14. Rc1 exd4 15. Nxd4
c5 16. Nc2 Nb6 17. Qd3 Be6 18. Ne3 Ng4 19. Ned5 Bxd5 20. Nxd5 Nxd5 21. Bxg7 Nb4
22. Qf3 Nxh2 23. Kxh2 Kxg7 24. Rfd1 Re6 25. Rd2 Rae8 26. Qc3+ Kg8 27. Rcd1 Qe7
28. f3 f5 29. Qe3 Rf8 30. Bh3 Ref6 31. Bg2 fxe4 32. fxe4 Qe5 33. Re1 b6 34.
Ree2 h5 35. Rf2 Rxf2 36. Rxf2 Rxf2 37. Qxf2 h4 38. Qf4 Qxf4 39. gxf4 Nd3 40. f5
g5 41. Bf3 Nb2 42. Be2 Nxa4 0-1

[Event "4. Open Memorial Pedro Lezcano 2011"]
[Site "Gran Canaria ESP"]
[Date "2011.04.19"]
[Round "2.21"]
[White "Camino Carrio, Nicanor"]
[Black "Cruz Pino, Adrian"]
[Result "1/2-1/2"]
[WhiteElo "2147"]
[BlackElo "1889"]
[PlyCount "77"]
[EventDate "2011.04.18"]
[EventType "swiss"]
[EventRounds "9"]
[EventCountry "ESP"]
[Source "lmi"]
[SourceDate "2011.04.18"]

1. e4 c5 2. Nf3 a6 3. Nc3 Nc6 4. d4 cxd4 5. Nxd4 e6 6. Nxc6 bxc6 7. Bd3 d6 8.
O-O Nf6 9. f4 Qc7 10. Qe1 g6 11. e5 dxe5 12. fxe5 Nd7 13. Bg5 Nxe5 14. Bf6 Ng4
15. Qh4 Nxf6 16. Qxf6 Bc5+ 17. Kh1 O-O 18. Rae1 Be7 19. Qf2 Rb8 20. b3 Bb4 21.
Ne4 f5 22. Nd2 Qa5 23. Re2 Bxd2 24. Rxd2 Qxa2 25. Bc4 Qa3 26. Qh4 Rb7 27. Rfd1
Qe7 28. Qf4 Kg7 29. Qe5+ Qf6 30. Qc5 Qe7 31. Rd6 e5 32. Qxc6 Rc7 33. Qb6 e4 34.
R1d5 Kh6 35. Qd4 Qg5 36. Qc3 Bb7 37. Qh3+ Qh5 38. Qe3+ Qg5 39. Qh3+ 1/2-1/2

[Event "4. Open Memorial Pedro Lezcano 2011"]
[Site "Gran Canaria ESP"]
[Date "2011.04.19"]
[Round "2.22"]
[White "Buet, Samuel"]
[Black "Rodriguez Melian, Jose Luis"]
[Result "0-1"]
[WhiteElo "1858"]
[BlackElo "2141"]
[PlyCount "104"]
[EventDate "2011.04.18"]
[EventType "swiss"]
[EventRounds "9"]
[EventCountry "ESP"]
[Source "lmi"]
[SourceDate "2011.04.18"]

1. Nf3 Nf6 2. e3 d5 3. b3 g6 4. Bb2 Bg7 5. d3 O-O 6. Nbd2 c5 7. Be2 Nc6 8. a3
Re8 9. c4 e5 10. cxd5 Nxd5 11. Qc2 Qe7 12. Rc1 Bf8 13. Ne4 b6 14. b4 f5 15.
Neg5 h6 16. Qc4 Qd7 17. h4 Kg7 18. h5 Bb7 19. hxg6 Kxg6 20. Qh4 Nf6 21. b5 Nd4
22. exd4 exd4 23. Rc2 Qxb5 24. O-O hxg5 25. Qxg5+ Kf7 26. Qxf5 Qb3 27. Nxd4
cxd4 28. Rc7+ Re7 29. Bh5+ Kg8 30. Rxe7 Bxe7 31. Qg6+ Kh8 32. Qh6+ Kg8 33. Qg6+
Kf8 34. Bc1 Ng8 35. Qf5+ Bf6 36. Bh6+ Nxh6 37. Qxf6+ Nf7 38. Re1 Qd5 39. Bf3
Qd7 40. Bh5 Re8 41. Rxe8+ Kxe8 42. Qh8+ Ke7 43. Qg7 Qd5 44. Bf3 Qd7 45. Bg4 Qd6
46. Bh5 Qf4 47. Bg6 Qc1+ 48. Kh2 Qh6+ 49. Qxh6 Nxh6 50. Kg3 Kf6 51. Be8 Nf5+
52. Kf4 Bxg2 0-1

[Event "4. Open Memorial Pedro Lezcano 2011"]
[Site "Gran Canaria ESP"]
[Date "2011.04.19"]
[Round "2.23"]
[White "Lopez Pereyra, Antonio"]
[Black "Perez Barreto, Adrian"]
[Result "1-0"]
[WhiteElo "2119"]
[BlackElo "1861"]
[PlyCount "76"]
[EventDate "2011.04.18"]
[EventType "swiss"]
[EventRounds "9"]
[EventCountry "ESP"]
[Source "lmi"]
[SourceDate "2011.04.18"]

1. e4 g6 2. d4 Bg7 3. Nc3 d6 4. Be3 Nf6 5. Qd2 c6 6. Nf3 b5 7. Bd3 Ng4 8. Bg5
h6 9. Bh4 Nf6 10. h3 Nfd7 11. O-O O-O 12. e5 dxe5 13. Nxe5 Nxe5 14. dxe5 Na6
15. Qe3 Qc7 16. Bg3 Be6 17. a4 b4 18. Ne4 Qa5 19. f4 Nc7 20. Bf2 Nd5 21. Qg3
Bf5 22. Nc5 Bxd3 23. cxd3 Qc7 24. d4 a5 25. Rac1 e6 26. Kh1 Ne7 27. Qf3 Rfd8
28. Rfd1 Nd5 29. Bh4 Re8 30. Ne4 Bf8 31. g4 Rab8 32. f5 exf5 33. gxf5 g5 34.
Bg3 Qc8 35. Rf1 Rb7 36. Qh5 b3 37. e6 fxe6 38. f6 Qd7 1-0

[Event "4. Open Memorial Pedro Lezcano 2011"]
[Site "Gran Canaria ESP"]
[Date "2011.04.19"]
[Round "2.24"]
[White "Kleine, Peter"]
[Black "Herrera Reyes, Jose Antonio"]
[Result "0-1"]
[WhiteElo "1846"]
[BlackElo "2111"]
[PlyCount "66"]
[EventDate "2011.04.18"]
[EventType "swiss"]
[EventRounds "9"]
[EventCountry "ESP"]
[Source "lmi"]
[SourceDate "2011.04.18"]

1. b4 d5 2. Bb2 Nf6 3. e3 c6 4. c4 e6 5. c5 b6 6. d4 a5 7. a3 axb4 8. axb4 Rxa1
9. Bxa1 Ne4 10. Qa4 Be7 11. Nf3 O-O 12. Be2 Nd7 13. O-O Qc7 14. Nc3 f5 15. Bb2
Bb7 16. Qc2 Bf6 17. Ra1 bxc5 18. bxc5 g5 19. Ra7 Qb8 20. Qa4 g4 21. Nxe4 fxe4
22. Nd2 Nxc5 23. Qa2 Ba6 24. dxc5 Qxa7 25. Bxf6 Qf7 26. Qxa6 Qxf6 27. f4 gxf3
28. gxf3 Qc3 29. Qxc6 Qxe3+ 30. Kh1 exf3 31. Bf1 Kh8 32. h4 Rg8 33. Nxf3 Qxf3+
0-1

[Event "4. Open Memorial Pedro Lezcano 2011"]
[Site "Gran Canaria ESP"]
[Date "2011.04.19"]
[Round "2.25"]
[White "Perez Aleman, Pedro Tomas"]
[Black "Korneev, Svyatoslav"]
[Result "1-0"]
[WhiteElo "2108"]
[BlackElo "1846"]
[PlyCount "67"]
[EventDate "2011.04.18"]
[EventType "swiss"]
[EventRounds "9"]
[EventCountry "ESP"]
[Source "lmi"]
[SourceDate "2011.04.18"]

1. e4 e6 2. d4 d5 3. Nd2 Nf6 4. e5 Nfd7 5. c3 c5 6. Bd3 Nc6 7. Ndf3 cxd4 8.
cxd4 f6 9. exf6 Nxf6 10. Nh3 Bd6 11. O-O Qc7 12. Re1 O-O 13. Nhg5 e5 14. dxe5
Nxe5 15. Nxe5 Bxe5 16. Bxh7+ Kh8 17. h3 Nxh7 18. Nxh7 Bh2+ 19. Kh1 Kxh7 20.
Qh5+ Kg8 21. Qxd5+ Kh8 22. Re4 Bf5 23. Rh4+ Bh7 24. Qe4 g6 25. Bd2 Rae8 26.
Qxg6 Be5 27. Re1 Rf7 28. Rxe5 Rxe5 29. Bc3 Qxc3 30. bxc3 Ree7 31. Qd6 Re8 32.
Qd4+ Rg7 33. Rg4 Reg8 34. Qf6 1-0

[Event "4. Open Memorial Pedro Lezcano 2011"]
[Site "Gran Canaria ESP"]
[Date "2011.04.20"]
[Round "3.2"]
[White "Strikovic, Aleksa"]
[Black "Alvarado Ascanio, Francisco"]
[Result "1-0"]
[WhiteElo "2570"]
[BlackElo "2195"]
[PlyCount "81"]
[EventDate "2011.04.18"]
[EventType "swiss"]
[EventRounds "9"]
[EventCountry "ESP"]
[Source "lmi"]
[SourceDate "2011.04.18"]

1. e4 e6 2. d3 d5 3. Qe2 Nc6 4. Nf3 e5 5. exd5 Qxd5 6. Nc3 Bb4 7. Bd2 Bxc3 8.
bxc3 Bg4 9. Qe4 Qxe4+ 10. dxe4 Nf6 11. Bd3 Nd7 12. Be3 f6 13. Nd2 a5 14. Rb1 b6
15. Bc4 Rd8 16. f3 Bh5 17. Ke2 Bf7 18. a4 Bxc4+ 19. Nxc4 Ke7 20. Rhd1 Ncb8 21.
Nb2 Na6 22. Nd3 Ndb8 23. f4 exf4 24. Bxf4 Rhe8 25. Kf3 Kf7 26. Rb5 Nd7 27. Rd5
Ndc5 28. Nxc5 Rxd5 29. exd5 Nxc5 30. Bxc7 Nd7 31. d6 Re5 32. c4 Ke6 33. Rd4 Rc5
34. Ke2 Re5+ 35. Kd2 Rc5 36. Kc3 f5 37. Rd1 g5 38. Rb1 Ne5 39. Rxb6 Kd7 40. Kd4
Rxc4+ 41. Kxe5 1-0

[Event "4. Open Memorial Pedro Lezcano 2011"]
[Site "Gran Canaria ESP"]
[Date "2011.04.20"]
[Round "3.4"]
[White "Perez Rosales, Pedro"]
[Black "Barlov, Dragan"]
[Result "0-1"]
[WhiteElo "2148"]
[BlackElo "2472"]
[PlyCount "92"]
[EventDate "2011.04.18"]
[EventType "swiss"]
[EventRounds "9"]
[EventCountry "ESP"]
[Source "lmi"]
[SourceDate "2011.04.18"]

1. e4 c5 2. Nc3 Nc6 3. Nge2 e6 4. g3 Nf6 5. Bg2 a6 6. O-O Be7 7. d4 cxd4 8.
Nxd4 Qc7 9. Re1 d6 10. Be3 Bd7 11. Qe2 O-O 12. h3 b5 13. a3 Rac8 14. Rad1 Ne5
15. Bc1 Nc4 16. Rd3 Qb6 17. Kh2 a5 18. f4 b4 19. axb4 axb4 20. Nd1 Be8 21. Ne3
Nxe3 22. Bxe3 Qc7 23. Rd2 Bd7 24. Red1 Rb8 25. Bf2 e5 26. Nb3 exf4 27. gxf4
Rfe8 28. Bg3 Bb5 29. Qe3 Nh5 30. Bf2 Bf6 31. Rd5 g6 32. R1d2 Bg7 33. Kg1 Bc6
34. Rxd6 Bf8 35. R6d4 Nxf4 36. Bg3 Bh6 37. Kh2 Nh5 38. Bxc7 Bxe3 39. Bxb8 Bxd2
40. Bc7 Bf4+ 41. Bxf4 Nxf4 42. Bf3 Rb8 43. Kg3 Ne6 44. Rc4 Ba4 45. Nc5 Rc8 46.
Bg4 Bd7 0-1